000 01731cam a22002054a 4500
005 20250605164129.0
008 250528s ||||||||||||||||||||||||d
035 _a18569
020 _a863189342
040 _aGR-AtMCL
_bgre
_dGR-AtMCL
_eAACR2
245 1 _aPerspective / Eyewitness Art
260 _bDorling Kindersley,
_c1993
300 _a66
505 0 _aWhat is Perspective, Early Approaches, Defining Space, The ''Invention'' of Perspective, A ''Hole in the Wall'', Playful Perspective, Divine Measurement, Eyewitness Art, Art for Art's Sake, Leonardo's Explorations, Dure's Perspective Aids, Atmospheric Perspective, Room with a View, Hidden Messages, Works of Reference, Hoogstraten's Peershow, Dutch Specialities, Daring Illusionism, The Magic Eye, Ingenious Devices, Dreams of Infinity, East Meets West, A Personal Perspective, New Visions of Space, Into the Future, Subtle Deception, Ambiguous Space, Popular Perspective, Glossary; Summary, Featured Wrks, Index; Acknowledgements.
520 _aWhat is Perspective, Early Approaches, Defining Space, The ''Invention'' of Perspective, A ''Hole in the Wall'', Playful Perspective, Divine Measurement, Eyewitness Art, Art for Art's Sake, Leonardo's Explorations, Dure's Perspective Aids, Atmospheric Perspective, Room with a View, Hidden Messages, Works of Reference, Hoogstraten's Peershow, Dutch Specialities, Daring Illusionism, The Magic Eye, Ingenious Devices, Dreams of Infinity, East Meets West, A Personal Perspective, New Visions of Space, Into the Future, Subtle Deception, Ambiguous Space, Popular Perspective, Glossary; Summary, Featured Wrks, Index; Acknowledgements.
700 1 _aCole Alison
_94831
942 _cBK
999 _c3918
_d3918